|
|
|
|
| LEADER |
01284nam a2200337 a 4500 |
| 001 |
8114319 |
| 008 |
090517m19819999caua 001 0 eng d |
| 010 |
|
|
|a 81176018 //r84
|
| 020 |
|
|
|a 0917704096 (pbk. : set)
|
| 020 |
|
|
|a 0917704134 (set)
|
| 020 |
|
|
|a 0917704061 (pbk. : v. 2)
|
| 020 |
|
|
|a 0917704118 (v. 2)
|
| 040 |
|
|
|a DLC
|c DLC
|d ORE
|
| 082 |
0 |
|
|a 016.6/0240633
|2 19
|
| 100 |
1 |
|
|a Darrow, Ken.
|
| 245 |
1 |
0 |
|a Appropriate technology sourcebook /
|c by Ken Darrow, Kent Keller, Rick Pam.
|
| 260 |
|
|
|a Stanford, Calif. :
|b Volunteers in Asia,
|c 1981.
|
| 300 |
|
|
|a 2 v. :
|b ill. ;
|c 22 cm.
|
| 500 |
|
|
|a v.l originally published 1976, revised 1981.
|
| 500 |
|
|
|a Additional author for v.2: Kent Keller.
|
| 500 |
|
|
|a Companion set: AT microfiche reference library (T48 .5 A851) in Microform Room.
|
| 504 |
|
|
|a Includes index.
|
| 541 |
1 |
|
|e 00002793
|
| 650 |
|
0 |
|a Appropriate technology
|x Bibliography.
|
| 700 |
1 |
|
|a Keller, Kent.
|
| 700 |
1 |
|
|a Pam, Rick.
|
| 710 |
2 |
|
|a Volunteers in Asia, inc.
|
| 740 |
0 |
|
|a AT microfiche reference library.
|
| 852 |
4 |
|
|a <add your library>
|j <shelf mark>
|
| 999 |
|
|
|c 755
|d 755
|
| 952 |
|
|
|0 0
|1 0
|2 ddc
|4 0
|6 016_602406330000000_DAR_1981
|7 0
|9 697
|a BRACUL
|b BRACUL
|c GEN
|d 2009-05-17
|g 1269.00
|l 0
|o 016.60240633 DAR
|p 3010002793
|r 2009-05-17
|t 1
|w 2009-05-17
|y BK
|